00951cam a2200289 i 45000010008000000030004000080050017000120080041000290100017000700200015000870200022001020400018001240430012001420500015001540820015001692450095001842600090002793000021003694900022003905040041004126500065004536500043005186500015005617000036005767000025006128300024006372299306OSt20230620110125.0800922s1980 dcu b 000 0 eng  a 80024291  a0844734004 a0844733997 (pbk.) aDLCcDLCdDLC an-us---00aJK21b.H7800a320.5bGOL00aHow democratic is the Constitution? /cRobert A. Goldwin and William A. Schambra, editors. aWashington, D.C. :bAmerican Enterprise Institute for Public Policy Research,cc1980. a150 p. ;c23 cm.1 aAEI studies ; 294 aIncludes bibliographical references. 0aRepresentative government and representationzUnited States. 0aConstitutional historyzUnited States. 0aDemocracy.1 aGoldwin, Robert A.,d1922-2010.1 aSchambra, William A. 0aAEI studies ;v294.